Les Trois Mousquetaires - Le roman - Statistiques

Statistiques générales
  • Ce quiz a été pris 509 fois
  • Le résultat moyen est 13 sur 16
Statistiques - réponses
Question Réponse % Correct
Qui a écrit ce roman ? Alexandre Dumas (père)
98%
Qui sont les Trois mousquetaires du roi ? Aramis
96%
Jeune Gascon de 18 ans qui se joint à eux. D'Artagnan
96%
Devise qu'on attribue faussement aux Trois mousquetaires, alors qu'elle n'apparaît jamais dans le roman. "Un pour tous, {tous pour un}"
96%
Qui sont les Trois mousquetaires du roi ? Porthos
94%
Qui sont les Trois mousquetaires du roi ? Athos
91%
Principal ministre du roi de 1624 à 1642, dont le roman a développé la légende noire en le dépeignant comme un autocrate machiavélique. Cardinal de Richelieu
88%
Nom du roi auprès duquel ils sont chargés. Louis XIII
87%
Nom que l'on donne à ce genre de roman aux aventures héroïques historiques. Roman de {cape} et d'épée
85%
Autre roman célèbre de l'auteur, centré sur d'Edmond Dantès, un marin injustement emprisonné qui parvient à s'échapper. Le Comte de Monte-Cristo
84%
Antagoniste principale ; une anglaise mystérieuse et séduisante au charme captivant, espionne au service du personnage précédent. Milady
79%
L'anglaise mystérieuse finit par être ____ après ses nombreuses manigances. Exécutée
77%
Acteur qui incarne le jeune Gascon au cinéma en 2023. François Civil
66%
Reine de France de 1615 à 1643, dont la beauté, son sens de l'honneur et les sentiments amoureux qui lui sont prêtés sont idéalisés dans l'intrigue. Anne d'Autriche
60%
Mouvement littéraire auquel il appartient. Romantisme
59%
Agent du principal ministre du roi, qui provoque le jeune Gascon en duel. Il porte un nom de commune de Charente-Maritime. Comte de {Rochefort}
36%
Aucun quiz correspondant
Distribution des résultats
% des personnes avec chaque résultat
Percentile par nombre de réponses
Votre historique - résultats
Vous n’avez pas pris ce quiz